| 000 | 00830nam a22002297a 4500 | ||
|---|---|---|---|
| 999 |
_c13893 _d13893 |
||
| 003 | AR-CdUCM | ||
| 008 | 190416b ||||| |||| 00| 0 spa d | ||
| 020 | _a958-04-2378-4 | ||
| 040 |
_aMUNICIPALIDAD PROVINCIAL DEL CUSCO _cBIBLIOTECA MUNICIPAL DEL CUSCO |
||
| 082 |
_aEP / 803 / _bW56 |
||
| 100 |
_aWilde Oscar. _91401 |
||
| 245 | _aCuentos de Oscar Wilde / | ||
| 260 |
_aColombia : _bGrupo editorial Norma, _c1996. |
||
| 300 |
_a126 paginas ; _c19 cm. |
||
| 440 |
_aColección torre de papel amarilla. _932498 |
||
| 505 | _aContenido :El ruiseñor y la rosa -- El príncipe feliz -- El cohete extraordinario -- El joven rey -- El amigo fiel ... | ||
| 650 |
_aCuentos _9217 |
||
| 650 |
_aHistorietas _910786 |
||
| 700 |
_aRavassa G., María del Mar (traducción) _932499 |
||
| 942 |
_2ddc _cLIBROS |
||
| 945 |
_arum _d2019-04-16 |
||